[Event "DSJ Weihnachtsturnier U20 2020"]
[Site "https://play.chessbase.com/en/play?room=DSJWeihnachtU20"]
[Date "2020.12.29"]
[Round "4"]
[White "Müller, Fabian"]
[Black "Pixa, Karl"]
[Result "0-1"]
[Termination "normal"]
[Board "21.2"]
[WhiteElo "964"]
[BlackElo "1582"]
[WhiteTeam "SGem Aschheim/Feldkirchen/Kirchheim 2"]
[BlackTeam "SV Dresden-Striesen 1990"]
[PlyCount "54"]
[WhiteFideId "34607846"]
[BlackFideId "16240480"]
[EventRounds "7"]
[EventType "team-swiss"]
[EventDate "2020.12.29"]

1. d4 {[%emt 0:00:19]} d5 {[%emt 0:00:06] Aschhm2-002 reconnected.} 2. Bf4 {
[%emt 0:00:20]} e6 {[%emt 0:00:02]} 3. Nf3 {[%emt 0:00:02]} Nf6 {[%emt 0:00:05]
} 4. e3 {[%emt 0:00:02]} Bd6 {[%emt 0:00:02]} 5. Bg3 {[%emt 0:00:03]} c5 {
[%emt 0:00:02]} 6. c3 {[%emt 0:00:03]} Qc7 {[%emt 0:00:05]} 7. Bd3 {[%emt
0:00:04]} Nbd7 {[%emt 0:00:10]} 8. Qa4 {[%emt 0:00:10]} O-O {[%emt 0:00:30]} 9.
Nbd2 {[%emt 0:00:17]} a6 {[%emt 0:00:04]} 10. Qb3 {[%emt 0:00:12]} c4 {[%emt
0:00:14]} 11. Bxd6 {[%emt 0:00:38]} Qxd6 {[%emt 0:00:00]} 12. Nxc4 {[%emt
0:00:19]} dxc4 {[%emt 0:00:00]} 13. Qxc4 {[%emt 0:00:03]} b5 {[%emt 0:00:04]}
14. Qb3 { [%emt 0:00:03]} Bb7 {[%emt 0:00:03]} 15. Be2 {[%emt 0:00:06]} e5
{[%emt 0:00:28]} 16. h3 {[%emt 0:00:21]} Bxf3 {[%emt 0:00:46]} 17. Bxf3 {[%emt
0:00:11]} e4 {[%emt 0:00:02]} 18. Be2 {[%emt 0:00:02]} Rac8 {[%emt 0:00:25]}
19. O-O { [%emt 0:00:32]} Nb6 {[%emt 0:00:07]} 20. Rfd1 {[%emt 0:00:59]} Nc4
{[%emt 0:00:07]} 21. a4 {[%emt 0:00:18]} Qb6 {[%emt 0:01:20]} 22. Qc2 {[%emt
0:01:20]} bxa4 {[%emt 0:01:02]} 23. Rxa4 {[%emt 0:01:05]} Qxb2 {[%emt 0:00:08]}
24. Qc1 { [%emt 0:00:35]} Qxc1 {[%emt 0:00:20]} 25. Rxc1 {[%emt 0:00:00]} Nb2
{[%emt 0:00:18]} 26. Rxa6 {[%emt 0:00:03]} Nd3 {[%emt 0:00:03]} 27. c4 {[%emt
0:00:09]} Nxc1 {[%emt 0:00:03]} 0-1

[Event "DSJ Weihnachtsturnier U20 2020"]
[Site "https://play.chessbase.com/en/play?room=DSJWeihnachtU20"]
[Date "2020.12.29"]
[Round "4"]
[White "Mudan, Gaurav Singh"]
[Black "Jessen, Mathilde"]
[Result "0-1"]
[Termination "normal"]
[Board "21.4"]
[WhiteElo "883"]
[BlackElo "1156"]
[WhiteTeam "SGem Aschheim/Feldkirchen/Kirchheim 2"]
[BlackTeam "SV Dresden-Striesen 1990"]
[PlyCount "118"]
[WhiteFideId "34634606"]
[BlackFideId "16240340"]
[EventRounds "7"]
[EventType "team-swiss"]
[EventDate "2020.12.29"]

1. e4 {[%emt 0:00:06]} c5 {[%emt 0:00:04]} 2. Nf3 {[%emt 0:00:04]} e6 {[%emt
0:00:02]} 3. a3 {[%emt 0:00:13]} a6 {[%emt 0:00:03]} 4. Bc4 {[%emt 0:00:02]}
Qc7 {[%emt 0:00:04]} 5. d3 {[%emt 0:00:18]} b5 {[%emt 0:00:06]} 6. Ba2 {[%emt
0:00:10]} Bb7 {[%emt 0:00:08]} 7. Be3 {[%emt 0:00:16]} d6 {[%emt 0:00:18]} 8.
Nbd2 { [%emt 0:00:03]} Nd7 {[%emt 0:00:06]} 9. b4 {[%emt 0:00:22]} Ngf6 {[%emt
0:00:14]} 10. O-O {[%emt 0:00:18]} g6 {[%emt 0:00:04]} 11. bxc5 {[%emt
0:00:18]} dxc5 {[%emt 0:00:04]} 12. d4 {[%emt 0:00:03]} Nxe4 {[%emt 0:00:27]}
13. Nxe4 { [%emt 0:00:11]} Bxe4 {[%emt 0:00:03]} 14. dxc5 {[%emt 0:00:03]} Nxc5
{[%emt 0:00:14]} 15. Bd4 {[%emt 0:00:27]} Rg8 {[%emt 0:00:29]} 16. Re1 {[%emt
0:00:11]} Bf5 {[%emt 0:00:44]} 17. Be5 {[%emt 0:00:47]} Qd7 {[%emt 0:00:33]}
18. Qxd7+ { [%emt 0:00:47]} Nxd7 {[%emt 0:00:03]} 19. Bb2 {[%emt 0:00:22]} Rc8
{[%emt 0:00:08]} 20. Ng5 {[%emt 0:00:25]} h6 {[%emt 0:00:20]} 21. Nh7 {[%emt
0:00:22]} Bg7 {[%emt 0:00:20]} 22. Bxg7 {[%emt 0:00:53]} Rxg7 {[%emt 0:00:03]}
23. g4 { [%emt 0:00:11]} Bxg4 {[%emt 0:00:15]} 24. f3 {[%emt 0:00:02]} Bxf3
{[%emt 0:00:08]} 25. Bxe6 {[%emt 0:00:04]} Rxh7 {[%emt 0:00:35]} 26. Bg4+
{[%emt 0:00:05]} Kf8 {[%emt 0:00:18]} 27. Bxf3 {[%emt 0:00:13]} Rxc2 {[%emt
0:00:08]} 28. Rad1 { [%emt 0:00:23]} Nf6 {[%emt 0:00:15]} 29. Rd8+ {[%emt
0:00:11]} Kg7 {[%emt 0:00:03]} 30. Re7 {[%emt 0:00:14]} Ng8 {[%emt 0:01:14]}
31. Rb7 {[%emt 0:01:01]} Rc1+ {[%emt 0:00:14]} 32. Kf2 {[%emt 0:00:04]} Rc5
{[%emt 0:00:19]} 33. Rbb8 { [%emt 0:00:14]} Rh8 {[%emt 0:00:08]} 34. Rf8 {[%emt
0:00:41]} Rf5 {[%emt 0:00:46]} 35. Kg2 {[%emt 0:00:10]} Rg5+ {[%emt 0:00:10]}
36. Kh1 {[%emt 0:00:05]} Rc5 {[%emt 0:00:20]} 37. Kg2 {[%emt 0:00:17]} h5
{[%emt 0:00:15]} 38. Rbd8 { [%emt 0:00:10]} Rg5+ {[%emt 0:00:18]} 39. Kh3
{[%emt 0:00:06]} Rc5 {[%emt 0:00:06]} 40. Bd5 {[%emt 0:00:10]} Rc3+ {[%emt
0:00:10]} 41. Kh4 {[%emt 0:00:04]} Rc7 {[%emt 0:00:25]} 42. Kg5 {[%emt
0:00:04]} Rc5 {[%emt 0:00:27]} 43. h4 { [%emt 0:00:02]} f6+ {[%emt 0:00:09]}
44. Rxf6 {[%emt 0:00:03]} Nxf6 {[%emt 0:00:02]} 45. Rxh8 {[%emt 0:00:02]} Kxh8
{[%emt 0:00:02]} 46. Kxf6 {[%emt 0:00:03]} Rxd5 {[%emt 0:00:02]} 47. Kxg6
{[%emt 0:00:01]} Rd3 {[%emt 0:00:02]} 48. Kxh5 {[%emt 0:00:01]} Rxa3 {[%emt
0:00:02]} 49. Kg6 {[%emt 0:00:01]} b4 { [%emt 0:00:01]} 50. h5 {[%emt 0:00:01]}
b3 {[%emt 0:00:02]} 51. h6 {[%emt 0:00:01]} b2 {[%emt 0:00:02]} 52. h7 {[%emt
0:00:01]} Rg3+ {[%emt 0:00:04]} 53. Kh6 {[%emt 0:00:02]} Rg7 {[%emt 0:00:02]}
54. Kh5 {[%emt 0:00:03]} Rxh7+ {[%emt 0:00:01]} 55. Kg5 {[%emt 0:00:02]} b1=Q
{[%emt 0:00:02]} 56. Kf4 {[%emt 0:00:03]} Re7 {[%emt 0:00:02]} 57. Kg5 {[%emt
0:00:04]} Qf1 {[%emt 0:00:02]} 58. Kh6 { [%emt 0:00:07]} Rg7 {[%emt 0:00:02]}
59. Kh5 {[%emt 0:00:02]} Qh1# {[%emt 0:00:02]} 0-1